Statistiken für Länder mit Artikel

Klicken Sie hier um das Quiz zu spielen!

Allgemein

  • Dieses Quiz wurde 8.841 mal gespielt
  • Das Durchschnittsergebnis liegt bei 15 aus 30

Antwortstatistiken

ArtikelAntwort% Korrekt
die (pl)die Vereinigten Staaten
86%
die (sg)die Demokratische Republik Kongo
66%
die (sg)die Republik Kongo
66%
dasdas Vereinigte Königreich
63%
der (fakultativ)der Iran
63%
der (fakultativ)der Irak
62%
die (pl)die Vereinigten Arabischen Emirate
60%
die (pl)die Seychellen
59%
die (pl)die Malediven
58%
derder Jemen
55%
die (sg)die Schweiz
54%
derder Sudan
53%
die (pl)die Niederlande
53%
die (sg)die Türkei
53%
die (pl)die Komoren
52%
die (pl)die Bahamas
49%
derder Tschad
47%
die (pl)die Marshallinseln
47%
die (sg)die Mongolei
46%
die (pl)die Philippinen
46%
derder Südsudan
44%
die (pl)die Salomonen
42%
die (sg)die Ukraine
42%
die (sg)die Dominikanische Republik
40%
derder Libanon
37%
derder Kosovo
35%
die (sg)die Zentralafrikanische Republik
35%
derder Senegal
31%
die (sg)die Elfenbeinküste
30%
die (sg)die Slowakei
28%

Verteilung der Resultate

Perzentil nach korrekt beantworteten Fragen

Anzahl Personen mit jedem Resultat

Ihre Resultats-Entwicklung

Sie haben dieses Quiz noch nicht gespielt